000 00401nam a22001697a 4500
005 20180809144434.0
008 160625b xxu||||| |||| 00| 0 eng d
020 _a0-07-05814-8
041 _aeng
082 _b9916
_a658.3
100 _aIvancevich, John M
_94739
245 _aHuman Resource Management
260 _bTMH
_c2005
_adelhi
300 _a576p,
650 _aManagement
_9241
942 _cBK
999 _c3902
_d3901